[Event "WYCC 2018 O16"]
[Site "Halkidiki"]
[Date "2018.10.29"]
[Round "10"]
[White "Van Malder, Dries"]
[Black "Talukdar, Rohan"]
[Result "0-1"]
[WhiteElo "2150"]
[BlackElo "2279"]
[Annotator "NA"]
[PlyCount "84"]
[EventDate "2018.10.20"]
[EventType "swiss"]
[EventCountry "GRE"]
[SourceTitle "playchess.com"]
[Source "ChessBase"]
[SourceQuality "1"]
[TimeControl "40/5400+30:1800+30"]

1. d4 {[%emt 0:00:00]} Nf6 {[%emt 0:00:00]} 2. c4 {[%emt 0:00:00]} g6 {[%emt 0:00:00]} 3. Nc3 {[%emt 0:00:00]} d5 {[%emt 0:00:00]} 4. Bf4 {[%emt 0:00:00]} Bg7 {[%emt 0:00:23]} 5. e3 {[%emt 0:00:05]} c6 {[%emt 0:04:41]} 6. Nf3 {[%emt 0:01:08]} O-O {[%emt 0:00:11]} 7. Rc1 {[%emt 0:00:36]} Be6 {[%emt 0:05:11]} 8. c5 {[%emt 0:15:41]} Bg4 {[%emt 0:02:38] LiveBook: 8 Games} 9. Be2 {[%emt 0:09:06]} Bxf3 {[%emt 0:10:24]} 10. Bxf3 {[%emt 0:00:13]} Nbd7 {[%emt 0:00:26]} 11. O-O {[%emt 0:00:36]} Re8 {[%emt 0:02:35]} 12. Qc2 {[%emt 0:09:30]} e5 {[%emt 0:04:53]} 13. Bg3 {[%emt 0:02:24]} h5 {[%emt 0:10:19]} 14. h3 {[%emt 0:01:58]} Nh7 {[%emt 0:01:40]} 15. Rcd1 $17 {[%emt 0:15:10]} Ng5 {[%emt 0:09:16]} 16. Be2 {[%emt 0:01:21]} exd4 {[%emt 0:04:00]} 17. exd4 {[%emt 0:00:10]} Ne6 {[%emt 0:00:02]} 18. Qa4 {[%emt 0:07:03]} b5 {[%emt 0:10:08]} 19. Nxb5 {[%emt 0:08:31]} cxb5 {[%emt 0:11:09]} 20. Bxb5 {[%emt 0:01:13]} Re7 {[%emt 0:09:29]} 21. Bd6 {[%emt 0:04:34]} Nf6 {[%emt 0:00:06]} 22. Bc6 {[%emt 0:03:53]} Rb8 {[%emt 0:01:55]} 23. b4 {[%emt 0:00:58]} Ne4 {[%emt 0:00:14]} 24. Bxe7 {[%emt 0:01:41]} Qxe7 {[%emt 0:00:02]} 25. Rd3 {[%emt 0:05:53]} Nxd4 {[%emt 0:06:58]} 26. Bxd5 {[%emt 0:00:48]} Nc3 {[%emt 0:00:05]} 27. Re3 {[%emt 0:04:06]} Qc7 {[%emt 0:01:24]} 28. Bxf7+ {[%emt 0:05:18]} Qxf7 {[%emt 0:00:06]} 29. Qa6 {[%emt 0:01:29]} Nd5 {[%emt 0:02:45]} 30. Rg3 {[%emt 0:01:01]} Kh7 {[%emt 0:01:11]} 31. a3 {[%emt 0:00:16]} Re8 {[%emt 0:01:21]} 32. Kh1 {[%emt 0:00:25]} Re2 {[%emt 0:00:31]} 33. Rg5 {[%emt 0:00:40]} Nf4 {[%emt 0:00:26]} 34. Qd6 {[%emt 0:00:32]} Nfe6 {[%emt 0:00:24]} 35. Rd5 {[%emt 0:00:39]} Rxf2 {[%emt 0:00:09]} 36. Rxf2 {[%emt 0:00:07]} Qxf2 {[%emt 0:00:02]} 37. Rxd4 {[%emt 0:00:51]} Nxd4 {[%emt 0:00:20]} 38. Qd7 {[%emt 0:00:27]} Ne2 {[%emt 0:00:30]} 39. Qd1 {[%emt 0:00:13]} Bd4 {[%emt 0:00:07]} 40. c6 {[%emt 0:00:00]} Ng3+ {[%emt 0:00:00]} 41. Kh2 {[%emt 0:00:18]} Nf1+ {[%emt 0:00:13]} 42. Kh1 {[%emt 0:00:03]} Qg1# {[%emt 0:00:05]} 0-1

[Event "WYCC 2018 O16"]
[Site "Halkidiki"]
[Date "2018.10.29"]
[Round "10"]
[White "Fernandez Garcia, Gumersindo"]
[Black "Faerber, David"]
[Result "0-1"]
[WhiteElo "2065"]
[BlackElo "2279"]
[Annotator "NA"]
[PlyCount "96"]
[EventDate "2018.10.20"]
[EventType "swiss"]
[EventCountry "GRE"]
[SourceTitle "playchess.com"]
[Source "ChessBase"]
[SourceQuality "1"]
[TimeControl "40/5400+30:1800+30"]

1. Nf3 {[%emt 0:00:00]} d5 {[%emt 0:02:35]} 2. e3 {[%emt 0:00:00]} Nf6 {[%emt 0:01:10]} 3. c4 {[%emt 0:00:30]} c6 {[%emt 0:00:30]} 4. Nc3 {[%emt 0:00:31]} g6 {[%emt 0:03:27]} 5. d4 {[%emt 0:06:42]} Bg7 {[%emt 0:00:29]} 6. Be2 {[%emt 0:06:12]} O-O {[%emt 0:00:44]} 7. O-O {[%emt 0:00:16]} Bf5 {[%emt 0:06:06] LiveBook: 46 Games} 8. Nh4 {[%emt 0:03:27]} Be6 {[%emt 0:05:47]} 9. c5 {[%emt 0:03:28]} Bc8 {[%emt 0:03:04]} 10. f4 {[%emt 0:04:25]} b6 {[%emt 0:02:54]} 11. b4 {[%emt 0:03:31]} a5 {[%emt 0:11:05]} 12. Na4 {[%emt 0:03:57]} Nbd7 {[%emt 0:02:12]} 13. Bd2 {[%emt 0:16:49]} b5 {[%emt 0:06:49]} 14. Nb2 {[%emt 0:00:21]} Ne4 $11 {[%emt 0:10:05]} 15. Nf3 {[%emt 0:02:48]} axb4 {[%emt 0:05:37]} 16. Bxb4 {[%emt 0:06:21]} Ndxc5 {[%emt 0:02:06]} 17. Bxc5 {[%emt 0:02:58]} Nxc5 {[%emt 0:00:12]} 18. Qc2 {[%emt 0:00:02]} Ne4 {[%emt 0:03:38]} 19. Bd3 {[%emt 0:05:45]} Bf5 {[%emt 0:04:24]} 20. Nd2 {[%emt 0:10:47]} Nxd2 {[%emt 0:04:19]} 21. Qxd2 {[%emt 0:00:03]} Qd6 {[%emt 0:01:39]} 22. Bxf5 {[%emt 0:01:03]} gxf5 {[%emt 0:00:02]} 23. Nd3 {[%emt 0:00:07]} Ra3 {[%emt 0:01:35]} 24. Rac1 {[%emt 0:01:48]} Rfa8 {[%emt 0:03:15]} 25. Rc2 {[%emt 0:00:49]} R3a4 {[%emt 0:02:14]} 26. Rfc1 {[%emt 0:02:32]} Rc4 {[%emt 0:01:17]} 27. Nc5 {[%emt 0:00:26]} e6 {[%emt 0:01:57]} 28. a4 {[%emt 0:02:33]} Rxc2 {[%emt 0:05:35]} 29. Qxc2 {[%emt 0:00:09]} bxa4 {[%emt 0:00:19]} 30. Nxa4 {[%emt 0:01:35]} Qa3 {[%emt 0:01:30]} 31. Nc3 {[%emt 0:01:45]} c5 {[%emt 0:00:52]} 32. dxc5 {[%emt 0:00:17]} Qxc5 {[%emt 0:00:31]} 33. Nd1 {[%emt 0:00:06]} Qb4 {[%emt 0:01:12]} 34. Nf2 {[%emt 0:01:31]} h6 {[%emt 0:01:16]} 35. Rb1 {[%emt 0:00:59]} Qc4 {[%emt 0:01:12]} 36. Qxc4 {[%emt 0:01:05]} dxc4 {[%emt 0:00:08]} 37. Rc1 {[%emt 0:00:08]} Bb2 {[%emt 0:00:15]} 38. Rb1 {[%emt 0:00:43]} c3 {[%emt 0:03:25]} 39. Nd3 {[%emt 0:01:16]} Rd8 {[%emt 0:02:10]} 40. Nxb2 {[%emt 0:00:00]} Rb8 {[%emt 0:00:00]} 41. h3 {[%emt 0:09:00]} Kf8 {[%emt 0:03:07]} 42. g4 {[%emt 0:03:37]} Ke7 {[%emt 0:04:45]} 43. g5 {[%emt 0:00:59]} h5 {[%emt 0:01:18]} 44. Kf1 {[%emt 0:05:53]} cxb2 {[%emt 0:01:00]} 45. Ke2 {[%emt 0:03:50]} Kd6 {[%emt 0:00:22]} 46. Kd2 {[%emt 0:02:50]} Kd5 {[%emt 0:00:14]} 47. Kd3 {[%emt 0:01:18]} h4 {[%emt 0:00:28]} 48. Ke2 {[%emt 0:00:56]} Kc4 {[%emt 0:00:24]} 0-1

[Event "WYCC 2018 O16"]
[Site "Halkidiki"]
[Date "2018.10.29"]
[Round "10"]
[White "Kim, Yunseo"]
[Black "Katopodis, Dimitrios"]
[Result "0-1"]
[WhiteElo "1995"]
[BlackElo "2310"]
[Annotator "NA"]
[PlyCount "38"]
[EventDate "2018.10.20"]
[EventType "swiss"]
[EventCountry "GRE"]
[SourceTitle "playchess.com"]
[Source "ChessBase"]
[SourceQuality "1"]
[TimeControl "40/5400+30:1800+30"]

1. d4 {[%emt 0:00:00]} d5 {[%emt 0:00:00]} 2. c4 {[%emt 0:00:00]} e6 {[%emt 0:00:20]} 3. Nc3 {[%emt 0:00:00]} Nf6 {[%emt 0:00:44]} 4. Nf3 {[%emt 0:00:00]} c6 {[%emt 0:00:31]} 5. Bg5 {[%emt 0:00:06]} Nbd7 {[%emt 0:00:53]} 6. e3 {[%emt 0:00:07]} Be7 {[%emt 0:02:23]} 7. Bd3 {[%emt 0:00:30]} O-O {[%emt 0:01:30]} 8. O-O {[%emt 0:00:29]} b6 {[%emt 0:02:16]} 9. Qe2 {[%emt 0:06:30]} Bb7 {[%emt 0:03:58]} 10. e4 {[%emt 0:02:26]} dxc4 {[%emt 0:05:34]} 11. Bxc4 {[%emt 0:00:21]} c5 {[%emt 0:01:02]} 12. Rfd1 {[%emt 0:07:15]} cxd4 {[%emt 0:05:48]} 13. Nxd4 {[%emt 0:00:25]} Qe8 {[%emt 0:09:52]} 14. Nxe6 {[%emt 0:16:07]} fxe6 {[%emt 0:00:51]} 15. Bxe6+ {[%emt 0:00:06]} Kh8 {[%emt 0:01:06]} 16. e5 {[%emt 0:02:27]} Qg6 {[%emt 0:08:23]} 17. f4 $2 {[%emt 0:09:53]} (17. exf6 $11 {and White stays safe.} Nxf6 18. Bh3) 17... Bc5+ {[%emt 0:03:22]} 18. Kh1 $19 {[%emt 0:00:49]} Ne4 {[%emt 0:06:23]} 19. f5 {[%emt 0:09:33]} Ng3+ {[%emt 0:02:20]} 0-1

[Event "WYCC 2018 O16"]
[Site "Halkidiki"]
[Date "2018.10.29"]
[Round "10"]
[White "Lin, Kerry"]
[Black "Chukavin, Kirill"]
[Result "0-1"]
[WhiteElo "1931"]
[BlackElo "2274"]
[Annotator "NA"]
[PlyCount "82"]
[EventDate "2018.10.20"]
[EventType "swiss"]
[EventCountry "GRE"]
[SourceTitle "playchess.com"]
[Source "ChessBase"]
[SourceQuality "1"]
[TimeControl "40/5400+30:1800+30"]

1. e4 {[%emt 0:00:00]} c5 {[%emt 0:00:00]} 2. Nf3 {[%emt 0:00:00]} d6 {[%emt 0:00:00]} 3. d4 {[%emt 0:00:00]} cxd4 {[%emt 0:00:00]} 4. Nxd4 {[%emt 0:00:00]} Nf6 {[%emt 0:00:00]} 5. Nc3 {[%emt 0:00:03]} a6 {[%emt 0:00:00]} 6. Be2 {[%emt 0:01:47]} e6 {[%emt 0:02:59]} 7. g4 {[%emt 0:11:45]} h6 {[%emt 0:03:24]} 8. h3 {[%emt 0:02:33]} Nbd7 {[%emt 0:24:21]} 9. O-O {[%emt 0:06:58]} b5 {[%emt 0:02:04]} 10. a3 {[%emt 0:06:22]} Bb7 {[%emt 0:00:50]} 11. Bf3 {[%emt 0:02:01]} Rc8 {[%emt 0:04:33]} 12. Nde2 {[%emt 0:12:39]} Be7 {[%emt 0:06:16]} 13. Ng3 {[%emt 0:04:16]} O-O $17 {[%emt 0:01:20]} 14. Qe2 {[%emt 0:05:16]} Qc7 {[%emt 0:08:28]} 15. Bf4 {[%emt 0:05:12]} Ne5 {[%emt 0:01:47]} 16. Bg2 {[%emt 0:03:24]} Nc4 {[%emt 0:01:27]} 17. Bc1 {[%emt 0:09:48]} Rfd8 {[%emt 0:15:13]} 18. Rd1 {[%emt 0:03:24]} Nd7 {[%emt 0:00:09]} 19. Nb1 Ncb6 {[%emt 0:05:37]} 20. c3 {[%emt 0:08:48]} d5 {[%emt 0:00:07]} 21. Be3 {[%emt 0:03:59]} Nc4 {[%emt 0:02:43]} 22. exd5 {[%emt 0:06:42]} Nxe3 {[%emt 0:00:12]} 23. Qxe3 {[%emt 0:00:49]} Nf6 {[%emt 0:05:00]} 24. d6 {[%emt 0:02:05]} Bxd6 {[%emt 0:01:06]} 25. Bxb7 {[%emt 0:00:35]} Bxg3 {[%emt 0:01:16]} 26. Rxd8+ {[%emt 0:00:18]} Rxd8 {[%emt 0:00:02]} 27. Bf3 {[%emt 0:00:18]} Bh2+ {[%emt 0:07:29]} 28. Kg2 {[%emt 0:00:57]} Nd5 {[%emt 0:01:14]} 29. Bxd5 {[%emt 0:02:02]} Rxd5 {[%emt 0:00:01]} 30. a4 {[%emt 0:00:40]} Rd1 {[%emt 0:02:33]} 31. axb5 {[%emt 0:00:29]} Qb7+ {[%emt 0:01:48]} 32. Kxh2 {[%emt 0:00:57]} Rh1+ {[%emt 0:01:22]} 33. Kg3 {[%emt 0:00:03]} Rg1+ {[%emt 0:00:07]} 34. Kf4 {[%emt 0:00:54]} g5+ {[%emt 0:02:15]} 35. Ke5 {[%emt 0:00:02]} Rd1 {[%emt 0:01:12]} 36. c4 {[%emt 0:01:42]} Kg7 {[%emt 0:00:25]} 37. Nd2 {[%emt 0:01:03]} Rxa1 {[%emt 0:00:27]} 38. bxa6 {[%emt 0:00:20]} Ra5+ {[%emt 0:00:24]} 39. Kd4 {[%emt 0:00:27]} Qxb2+ {[%emt 0:00:09]} 40. Qc3 {[%emt 0:00:00]} e5+ {[%emt 0:00:00]} 41. Kd3 {[%emt 0:00:16]} Ra3 {[%emt 0:00:30] Kd4} 0-1

[Event "WYCC 2018 O16"]
[Site "Halkidiki"]
[Date "2018.10.29"]
[Round "10"]
[White "Buniatyan, David"]
[Black "De Waele, Warre"]
[Result "0-1"]
[WhiteElo "1795"]
[BlackElo "2272"]
[Annotator "NA"]
[PlyCount "62"]
[EventDate "2018.10.20"]
[EventType "swiss"]
[EventCountry "GRE"]
[SourceTitle "playchess.com"]
[Source "ChessBase"]
[SourceQuality "1"]
[TimeControl "40/5400+30:1800+30"]

1. d4 {[%emt 0:00:00]} d5 {[%emt 0:00:00]} 2. Bg5 {[%emt 0:00:10]} f6 {[%emt 0:01:14]} 3. Bh4 {[%emt 0:00:35]} Nh6 {[%emt 0:00:44]} 4. e3 {[%emt 0:10:27]} Nf5 {[%emt 0:00:19]} 5. Bg3 {[%emt 0:02:15] D00: Damenbauernspiele} h5 {[%emt 0:07:32]} 6. Be2 {[%emt 0:12:27]} h4 {[%emt 0:02:01]} 7. Bh5+ {[%emt 0:02:58]} Kd7 {[%emt 0:00:06]} 8. Bg4 {[%emt 0:02:39]} (8. Bf4 g5 9. e4 dxe4 10. d5 gxf4 11. Bg4 Ke8 12. Bh5+ Kd7 {0-1 (51) Bromann,T (2384)-Gretarsson,H (2567) Reykjavik 2017}) 8... e6 {[%emt 0:02:19]} 9. e4 $146 {[%emt 0:08:03]} ({Vorgänger:} 9. Bf4 g5 10. e4 dxe4 11. Bc1 c6 12. f3 exf3 13. Nxf3 {½-½ (31) Sosulin,E (2416)-Gusev,A (2423) Pervomaisky 2016}) 9... dxe4 $2 {[%emt 0:00:33]} ({Worse is} 9... Nxg3 10. hxg3 dxe4 11. d5 $11) (9... hxg3 $19 {and Black stays clearly on top.} 10. Nh3 gxf2+ 11. Nxf2 dxe4) 10. Bf4 {[%emt 0:05:34]} Ke7 {[%emt 0:03:59]} 11. Nc3 {[%emt 0:05:51]} Kf7 {[%emt 0:04:04]} 12. Nxe4 {[%emt 0:06:15]} Qxd4 {[%emt 0:02:00]} 13. Qxd4 {[%emt 0:04:18]} Nxd4 {[%emt 0:00:13]} 14. O-O-O {[%emt 0:00:14]} Ndc6 {[%emt 0:10:55]} 15. Nc3 {[%emt 0:07:20]} Na6 {[%emt 0:01:15]} 16. Bf3 {[%emt 0:06:28]} e5 {[%emt 0:00:53]} 17. Be3 {[%emt 0:02:44]} Be6 {[%emt 0:00:34]} 18. a3 {[%emt 0:02:52]} Rb8 {[%emt 0:09:40]} 19. b4 {[%emt 0:02:18]} Nd4 {[%emt 0:00:08]} 20. Bxd4 {[%emt 0:01:25]} exd4 {[%emt 0:00:08]} 21. Nb5 {[%emt 0:02:22]} c5 {[%emt 0:00:39]} 22. Ne2 {[%emt 0:00:35]} Bc4 {[%emt 0:01:44]} 23. Nxa7 {[%emt 0:02:31]} Ra8 {[%emt 0:00:10]} 24. b5 {[%emt 0:00:22]} Rxa7 $19 {[%emt 0:00:36]} 25. bxa6 {[%emt 0:00:45]} Rxa6 {[%emt 0:00:45]} 26. Kb2 {[%emt 0:01:16]} Rb6+ {[%emt 0:00:10]} 27. Kc1 {[%emt 0:00:45]} g6 {[%emt 0:00:49]} 28. Kd2 {[%emt 0:03:01]} Bh6+ {[%emt 0:00:24]} 29. Ke1 {[%emt 0:00:02]} Re8 {[%emt 0:00:10]} 30. Kf1 {[%emt 0:01:17]} Rbe6 {[%emt 0:00:06]} 31. Re1 {[%emt 0:00:22]} Bd2 {[%emt 0:00:06]} 0-1

[Event "WYCC 2018 O16"]
[Site "Halkidiki"]
[Date "2018.10.30"]
[Round "11"]
[White "Matviishen, Viktor"]
[Black "Yakubboev, Nodirbek"]
[Result "1/2-1/2"]
[WhiteElo "2476"]
[BlackElo "2522"]
[Annotator "TA"]
[PlyCount "46"]
[EventDate "2018.10.20"]
[EventType "swiss"]
[EventCountry "GRE"]
[SourceTitle "playchess.com"]
[Source "ChessBase"]
[SourceQuality "1"]

{[%evp 24,46,0,0,0,0,0,0,0,0,0,-12,-2,-7,-4,-21,-21,-26,0,-11,0,0,0,0,0]} 1. e4 c5 2. Nf3 d6 3. Bb5+ Bd7 4. Bxd7+ Qxd7 5. O-O Nf6 6. Re1 Nc6 7. b3 g6 8. Bb2 Bg7 9. d4 cxd4 10. Nxd4 O-O 11. c4 Rfd8 {B52: Sicilian: Moscow Variation with 3...Bd7} 12. Nc3 e6 (12... Rac8 13. Nd5 Ne8 14. Rc1 e6 15. Ne3 Nf6 16. Nxc6 Qxc6 17. f3 b5 18. Re2 Qb7 19. cxb5 Rxc1 20. Qxc1 Qxb5 {½-½ (34) Ivanchuk,V (2731)-Le,Q (2703) Beijing 2013}) 13. Rc1 {LiveBook: 6 Games} Nxd4 14. Qxd4 d5 15. e5 dxc4 16. Qxc4 Rac8 17. Qe2 Nd5 18. Nxd5 Rxc1 19. Rxc1 {[#] Hoping for Nc3.} Qxd5 {[#]} 20. g3 $146 Bf8 21. Rc2 {The position is equal.} h5 22. Bc1 Be7 23. h4 Kf8 1/2-1/2

[Event "WYCC 2018 O16"]
[Site "Halkidiki"]
[Date "2018.10.30"]
[Round "11"]
[White "Horvath, Dominik"]
[Black "Wang, Yanbin"]
[Result "1/2-1/2"]
[WhiteElo "2447"]
[BlackElo "2220"]
[Annotator "TA"]
[PlyCount "69"]
[EventDate "2018.10.20"]
[EventType "swiss"]
[EventCountry "GRE"]
[SourceTitle "playchess.com"]
[Source "ChessBase"]
[SourceQuality "1"]

{[%evp 24,69,10,-14,46,35,52,46,33,49,52,42,86,67,170,143,256,239,386,370,690,658,754,751,750,750,745,723,696,575,516,570,548,520,422,277,260,0,0,0,0,0,0,0,0,0,0,0]} 1. Nf3 d5 2. d4 Nf6 3. c4 c6 4. e3 Bf5 5. Nc3 e6 6. Nh4 Bg4 7. Qb3 Qb6 8. h3 Bh5 9. g4 Bg6 10. c5 {D12: Damengambit (Slawische Verteidigung)} Qc7 11. Nxg6 hxg6 12. g5 Nfd7 13. e4 {LiveBook: 5 Partien} Be7 {[#]} (13... e5 $11 14. exd5 exd4) 14. exd5 $146 ({Vorgänger:} 14. Be3 b6 15. exd5 exd5 16. cxb6 axb6 17. Bg2 O-O {1-0 (27) Chatalbashev,B (2522)-Turci,S (2174) Salsomaggiore Terme 2000}) 14... exd5 15. Ne2 b6 16. Bf4 Qd8 17. cxb6 axb6 18. h4 f6 (18... O-O $14) 19. Bh3 $18 Kf7 (19... f5 $16) 20. Rc1 Re8 (20... Rh7 $142 21. a3 Rh8) 21. Qf3 Rxa2 $2 (21... Rh8 22. a3 f5) 22. h5 Nf8 23. hxg6+ Nxg6 24. Bf5 Rh8 25. Bxb8 {[#] jetzt Lxg6+ und aus.} Qxb8 26. Bxg6+ Kxg6 27. Qd3+ Kf7 28. g6+ Ke6 29. Rxh8 Qxh8 30. Qb3 $2 (30. Rxc6+ $18 Bd6 31. Rxb6) 30... Ra1 $1 $36 {[%cal Ra1c1][%mdl 2048] Die Stellung ist ausgeglichen. Weiss steht unter Druck.} 31. Nf4+ Kd7 32. Rxa1 {[#] Weiss will mit Ta7+ Matt setzen.} Qh1+ 33. Ke2 Qxa1 34. Qh3+ Kc7 35. Ne6+ {Precision: Weiß = 89%, Schwarz = 42%.} 1/2-1/2

[Event "WYCC 2018 O16"]
[Site "Halkidiki"]
[Date "2018.10.30"]
[Round "11"]
[White "Engel, Luis"]
[Black "Esipenko, Andrey"]
[Result "1-0"]
[WhiteElo "2441"]
[BlackElo "2609"]
[Annotator "TA"]
[PlyCount "79"]
[EventDate "2018.10.20"]
[EventType "swiss"]
[EventCountry "GRE"]
[SourceTitle "playchess.com"]
[Source "ChessBase"]
[SourceQuality "1"]

{[%evp 25,79,2,0,0,0,0,32,30,26,4,14,6,35,30,72,37,53,50,95,104,89,88,104,95,107,106,108,96,131,118,128,126,105,114,137,128,116,122,135,77,228,225,212,177,282,287,270,262,356,352,480,462,515,504,2297,2054]} 1. e4 {Szabo,Kr} c5 2. Nf3 d6 3. d4 cxd4 4. Nxd4 Nf6 5. Nc3 a6 6. g3 e5 7. Nde2 Be7 8. Bg2 b5 9. Nd5 {B91: Sicilian Najdorf: 6 g3} Nxd5 10. Qxd5 Ra7 11. Be3 Rb7 12. O-O O-O 13. Qd3 Be6 {[#] LiveBook: 3 Games} 14. Rfd1 $146 ({Predecessor:} 14. b3 Nd7 15. Nc3 Nf6 16. a4 Qd7 17. axb5 axb5 {0-1 (49) Adams,M (2747)-Nepomniachtchi,I (2751) Moscow 2017 CBM 179 [Szabo,Kr]}) 14... Nd7 15. Nc3 Nb6 16. b3 Qc7 17. Rac1 Rc8 18. Nd5 Bxd5 19. exd5 Nd7 20. Bh3 Qc3 21. Bd2 $36 {[%mdl 2048] White is pushing.} Qc7 22. c4 {[#] Black must now prevent cxb5.} b4 23. c5 Nxc5 24. Rxc5 Qxc5 25. Bxc8 Qxc8 26. Qxa6 Qc2 27. Rf1 ({Reject} 27. Rc1 $6 Qxd2 28. Rc8+ Bf8 $11) 27... Rb8 28. Qa7 Re8 29. Bxb4 Kf8 30. Qa6 Rd8 31. Re1 g6 32. Qe2 (32. Kg2 $142) 32... Qc7 $2 (32... Qxe2 $16 33. Rxe2 Rb8) 33. Bd2 $18 Qb7 34. Qd3 Ra8 (34... Rb8 $142 35. Rc1 f5) 35. a4 Bd8 36. Rc1 Bb6 37. Rc6 Bc5 {[#]} 38. b4 $1 {[%mdl 512] White is clearly winning.} Bxb4 39. Qb3 Rxa4 (39... Rb8 $142) 40. Bh6+ {Precision: White = 83%, Black = 34%.} 1-0

[Event "WYCC 2018 O16"]
[Site "Halkidiki"]
[Date "2018.10.30"]
[Round "11"]
[White "Vrolijk, Liam"]
[Black "Sahidi, Samir"]
[Result "1/2-1/2"]
[WhiteElo "2437"]
[BlackElo "2315"]
[Annotator "TA"]
[PlyCount "149"]
[EventDate "2018.10.20"]
[EventType "swiss"]
[EventCountry "GRE"]
[SourceTitle "playchess.com"]
[Source "ChessBase"]
[SourceQuality "1"]

{[%evp 25,149,43,59,42,43,39,43,43,65,31,53,52,65,51,46,50,68,76,102,99,119,110,103,110,111,97,114,102,96,106,189,155,210,214,248,267,256,186,290,296,287,208,327,334,305,294,309,304,250,166,175,166,184,139,139,139,139,139,139,140,143,138,139,139,139,128,127,127,127,127,120,110,109,84,103,78,108,120,117,94,131,86,125,78,101,84,91,91,96,96,96,100,100,104,143,142,150,139,135,135,146,127,127,127,127,127,127,127,127,127,127,127,139,126,139,139,139,139,139,126,139,139,139,0,139,0]} 1. d4 Nf6 2. c4 e6 3. Nf3 Bb4+ 4. Nbd2 O-O 5. a3 Bxd2+ 6. Qxd2 b6 7. e3 Bb7 8. Be2 d6 9. O-O Nbd7 10. b4 Ne4 11. Qc2 f5 12. Bb2 Qe7 13. Rad1 {E14: Queen's Indian: Classical Variation (4 e3)} (13. d5 c5 14. dxc6 Bxc6 15. Nd4 Bb7 16. f3 Nef6 17. Rfd1 a6 18. a4 Rfc8 19. Qd2 Ne5 20. Rac1 Nf7 {1-0 (49) Ding,L (2777)-Liu,Y (2413) China 2016}) 13... Ng5 {LiveBook: 3 Games} 14. d5 (14. Nd2 {is interesting.} c5 15. f3 Nf7 16. Rfe1 Rac8 17. Qa4) 14... Nxf3+ 15. Bxf3 {White is slightly better.} e5 {[#]} 16. Be2 $146 ({Predecessor:} 16. Rc1 Qg5 17. Qa4 Rf7 18. Be2 a5 19. Qb3 f4 20. exf4 exf4 21. Rce1 axb4 22. axb4 b5 {½-½ (22) Swiercz,D (2669)-Napoli,N (2295) Barcelona 2018}) 16... a5 17. Bc3 axb4 18. axb4 Nf6 19. f3 g6 20. Ra1 Rfe8 21. Bd2 Qf8 22. e4 Nd7 23. c5 dxc5 24. Bb5 Qd6 25. bxc5 bxc5 26. Bxd7 Qxd7 27. Qxc5 Ba6 (27... Qd6 $16 {is a better defense.} 28. Qc3 Rxa1 29. Rxa1 Ba6) 28. Rfc1 $1 $36 {[%mdl 2048] White is on the roll.} fxe4 (28... Bd3 $16 {was called for.}) 29. fxe4 Bd3 {[#]} 30. Rxa8 $1 Rxa8 {[#]} 31. Qe3 $1 {[%cal Re3d3]} ({Weaker is} 31. Qxc7 Qxc7 32. Rxc7 Rf8 $16) 31... Bb5 (31... Ba6 $142 32. Qc3 Qd6 33. Qxc7 Qxc7 34. Rxc7 Rf8) 32. Qb3 Ba4 33. Qc3 Rf8 (33... Qe8 {might work better.} 34. Qxc7 Qb8) 34. Qxe5 Qd6 35. Qd4 Qb6 36. Qxb6 cxb6 {[%mdl 4096] Endgame KRB-KRB} 37. Rc7 {Strongly threatening Bh6.} Bb5 {[%csl Gb5][%cal Rf8f1]} 38. h3 Re8 39. d6 {d7 is the strong threat.} Rd8 40. e5 Rd7 41. Rc8+ Kf7 42. Rb8 Ke6 43. Rxb6 Bc4 44. Bc3 Bd5 45. Bd4 Be4 46. Rb8 Rf7 47. Kh2 Bc6 48. Rb6 Bd7 49. Rb2 Rf4 50. Rd2 Rf7 51. Kg3 Rf5 52. Rb2 Bc6 53. Kh2 Rf7 54. Re2 Bb5 55. Re3 Bc6 56. Kg1 Bb5 57. Bc3 Bc6 58. Be1 Rf5 59. Bg3 Rf7 60. Bh4 Rb7 61. Re2 Ra7 62. Bf6 Bd5 63. Rc2 Ra1+ 64. Kf2 Ra2 65. Rxa2 Bxa2 $16 {KB-KB} 66. Ke3 Bd5 67. g3 Bg2 68. h4 h5 69. Kf4 Bh3 70. Ke4 Bf5+ 71. Kd4 Kd7 72. Be7 Ke6 73. Kc5 Kd7 74. Kd4 Ke6 $1 75. Kc5 {Precision: White = 67%, Black = 49%.} (75. Bg5 $16) 1/2-1/2